Príručka k prijímacím skúškam z fyziky na STU v Bratislave
Na minha lista:
| Autor principal: | |
|---|---|
| Formato: | Livro |
| Idioma: | eslovaco |
| Publicado em: |
Bratislava :
STU v Bratislave,
2003
|
| Edição: | 2. vyd.-1. dotlač |
| Assuntos: | |
| Tags: |
Sem tags, seja o primeiro a adicionar uma tag!
|
MARC
| LEADER | 00000nam a22000003a 4500 | ||
|---|---|---|---|
| 001 | stu300002 | ||
| 005 | 20150617230314.1 | ||
| 008 | 141031s--------xo------------------slo-d | ||
| 020 | |a 80-227-1860-2 | ||
| 040 | |a STU |b slo | ||
| 041 | 0 | |a slo | |
| 044 | |a xo | ||
| 080 | |a 53(079) | ||
| 100 | 1 | |a Kolektív autorov |4 aut | |
| 245 | 1 | |a Príručka k prijímacím skúškam z fyziky na STU v Bratislave | |
| 250 | |a 2. vyd.-1. dotlač | ||
| 260 | |a Bratislava : |b STU v Bratislave, |c 2003 | ||
| 300 | |a 68 s | ||
| 650 | 7 | |a fyzika |2 stusub | |
| 996 | |b 284ES26669 |c E*S-45050 |l EE01 |s A |a 24 |w stu300002_0001 | ||